Catálogo
 En Linea

The history and present condition of St. Domingo. (Registro nro. 33404)

Detalles MARC
000 -CABECERA
campo de control de longitud fija 00320nam a2200109 a 4500
005 - FECHA Y HORA DE LA ÚLTIMA TRANSACCIÓN
campo de control 20200930070623.0
008 - DATOS DE LONGITUD FIJA--INFORMACIÓN GENERAL
campo de control de longitud fija 110914s1837 000 spa d
040 ## - FUENTE DE LA CATALOGACIÓN
Centro catalogador/agencia de origen DO-SdBNP
100 ## - ENTRADA PRINCIPAL--NOMBRE DE PERSONA
Nombre de persona J. Brown, M. D.
9 (RLIN) 59356
245 #0 - MENCIÓN DE TÍTULO
Título The history and present condition of St. Domingo.
260 ## - PUBLICACIÓN, DISTRIBUCIÓN, ETC.
Lugar de publicación, distribución, etc. Philadelphia, Estados Unidos,
Fecha de publicación, distribución, etc. 1837.

No hay ítems disponibles.

Con tecnología Koha